[Event "FIDE Wch"]
[Site "?"]
[Date "1999.??.??"]
[Round "1"]
[White "Kotsur Pavel"]
[Black "Dolmatov Sergey"]
[Result "0-1"]
[WhiteElo "2511"]
[BlackElo "2589"]
[PlyCount "35"]
[EventDate "1999.??.??"]
[Source "www.chesslib.no"]
[SourceDate "2004.05.04"]

1. g4 e5 2. b3 d6 3. e4 d5 4. h3 dxe4 5. h4 h6 6. Qe2 Qd5 7. d4 Qxd4 8. Qd2 Qc5 9. Qd4 Qc6 10. Qxe5+ Qe6 11. Nc3 f6 12. Nxe4 c5 13. g5 fxg5 14. hxg5 hxg5 15. Ke2 g4 16. b4 cxb4 17. Kd3 b3 18. Kd4 0-1

[Event "Open"]
[Site "?"]
[Date "1993.??.??"]
[Round "2"]
[White "Bezold Michael"]
[Black "Knaak Rainer F A"]
[Result "1/2-1/2"]
[WhiteElo "2490"]
[BlackElo "2525"]
[PlyCount "37"]
[EventDate "1993.??.??"]
[Source "www.chesslib.no"]
[SourceDate "2004.05.04"]

1. g4 d5 2. Bg2 c6 3. Nf3 Nd7 4. d4 e6 5. O-O Be7 6. c4 dxc4 7. a4 Ngf6 8. Qc2 Nd5 9. Qxc4 a5 10. Nc3 Nb4 11. Rd1 b6 12. e4 Ba6 13. Qb3 Rc8 14. Na2 Nxa2 15. Qxa2 Be2 16. Re1 Ba6 17. Rd1 Be2 18. Re1 Ba6 19. Rd1 1/2-1/2

[Event "Mallorca Trophy-B"]
[Site "?"]
[Date "2004.02.08"]
[Round "3.3"]
[White "Vlassov Nikolai"]
[Black "Rogozenko Dorian"]
[Result "0-1"]
[WhiteElo "2476"]
[BlackElo "2517"]
[PlyCount "50"]
[EventDate "2004.??.??"]
[Source "www.chesslib.no"]
[SourceDate "2004.05.04"]

1. g4 d5 2. Bg2 c6 3. h3 e5 4. d4 e4 5. c4 f5 6. Nc3 Bb4 7. Qb3 Bxc3+ 8. bxc3 Nf6 9. Bg5 O-O 10. gxf5 Kh8 11. f3 e3 12. Bxe3 Bxf5 13. Qxb7 Nbd7 14. Bg5 Qa5 15. Qb4 Qa6 16. cxd5 cxd5 17. a4 Rab8 18. Qa3 Qc4 19. e3 Rb3 20. Qc1 Rxc3 21. Qd1 Rd3 22. Qc1 Qb4+ 23. Kf1 Nh5 24. Ne2 Rd2 25. Rb1 Bxb1 0-1

[Event "TCh-BIH"]
[Site "Neum"]
[Date "2003.08.26"]
[Round "5"]
[White "Dumpor, Atif"]
[Black "Horvath, Adam"]
[Result "0-1"]
[WhiteElo "2376"]
[BlackElo "2503"]
[PlyCount "108"]
[EventDate "2003.08.23"]
[Source "Roberto Alvarez"]
[SourceDate "2003.09.15"]

1. g4 d5 2. Bg2 c6 3. g5 h6 4. g6 fxg6 5. Nf3 Bf5 6. d3 Nf6 7. Bf4 e6 8. Nbd2 Bd6 9. Bg3 O-O 10. c4 Bxg3 11. hxg3 Nbd7 12. O-O e5 13. cxd5 cxd5 14. Qb3 Qb6 15. Qxb6 axb6 16. Rfc1 Rfc8 17. Rc3 Be6 18. Rxc8+ Rxc8 19. d4 Rc2 20. dxe5 Nxe5 21. Nxe5 Rxd2 22. Nf3 Rxb2 23. Nd4 Bf5 24. a3 Kf7 25. Rc1 Rb1 26. Rxb1 Bxb1 27. Bh3 Ne4 28. Be6+ Kf6 29. Bxd5 Ke5 30. Bxe4 Bxe4 31. e3 Kd5 32. f3 Bd3 33. g4 Kc4 34. Kf2 b5 35. Ne6 b4 36. axb4 Kxb4 37. Nxg7 Kc3 38. e4 b5 39. Ne6 b4 40. Ke3 b3 41. Nc5 Bb5 42. Nxb3 Kxb3 43. f4 Kc4 44. f5 g5 45. e5 Kd5 46. e6 Ke5 47. Kf3 Kf6 48. Kg3 Be8 49. Kf3 h5 50. Kg3 h4+ 51. Kf3 Ba4 52. Ke2 Bc6 53. Kf2 Bd5 54. Kg1 Bf3 0-1

[Event "October GM"]
[Site "?"]
[Date "1999.??.??"]
[Round "?"]
[White "Vlassov Nikolai"]
[Black "Moiseenko Alexander"]
[Result "0-1"]
[WhiteElo "2454"]
[BlackElo "2419"]
[PlyCount "84"]
[EventDate "1999.??.??"]
[Source "www.chesslib.no"]
[SourceDate "2004.05.04"]

1. g4 e5 2. Bg2 Nc6 3. e4 Bc5 4. Ne2 h5 5. gxh5 Qh4 6. Ng3 d6 7. Bf3 Nf6 8. h3 Nd4 9. d3 Nxf3+ 10. Qxf3 Nxh5 11. Nc3 Be6 12. Be3 Bxe3 13. Qxe3 Qf4 14. Nge2 Qxe3 15. fxe3 Nf6 16. Kd2 Ke7 17. Rag1 g6 18. Rg3 a6 19. Nd1 Rh7 20. Nf2 Rah8 21. c4 Rh5 22. Ng1 g5 23. Ke2 b5 24. b3 g4 25. Kf1 bxc4 26. bxc4 Rb8 27. hxg4 Rxh1 28. Nxh1 Rb1+ 29. Kg2 Rb2+ 30. Nf2 Nxg4 31. Ngh3 Rxa2 32. Kf3 Nh2+ 33. Kg2 Bxh3+ 34. Kxh2 Rxf2+ 35. Kxh3 Rd2 36. Kg4 Rxd3 37. c5 dxc5 38. Kf5 c4 39. Rg2 f6 40. Rg7+ Kd6 41. Rf7 c3 42. Rxf6+ Kc5 0-1

[Event "SVK Ch"]
[Site "?"]
[Date "1997.??.??"]
[Round "4"]
[White "Mrva Martin"]
[Black "Salai Ladislav"]
[Result "0-1"]
[WhiteElo "2410"]
[BlackElo "2460"]
[PlyCount "88"]
[EventDate "1997.??.??"]
[Source "www.chesslib.no"]
[SourceDate "2004.05.04"]

1. g4 d5 2. Bg2 c6 3. h3 e5 4. b3 Bd6 5. c4 Be6 6. cxd5 cxd5 7. Nc3 Ne7 8. e3 Nbc6 9. Nge2 Rc8 10. O-O O-O 11. f4 f6 12. d4 e4 13. f5 Bf7 14. a3 Bb8 15. Bd2 g6 16. fxg6 Nxg6 17. Be1 Be6 18. Ng3 Nce7 19. Nce2 f5 20. Nh5 fxg4 21. Nf6+ Kg7 22. Nxg4 Nf5 23. Nf4 Nxf4 24. exf4 Qb6 25. Bb4 Rh8 26. Bc5 Rxc5 27. dxc5 Qxc5+ 28. Nf2 Ng3 29. Rc1 Qb6 30. f5 Bxf5 31. Qxd5 Rd8 32. Qc5 Qxc5 33. Rxc5 Ne2+ 34. Kh1 e3 35. Rxf5 Ng3+ 36. Kg1 Nxf5 37. Ne4 Nd4 38. Re1 Bf4 39. Nc5 Re8 40. Nd3 Bg3 41. Rb1 e2 42. Bxb7 e1=Q+ 43. Nxe1 Rxe1+ 44. Rxe1 Bxe1 0-1

[Event "It (Open) INT"]
[Site "?"]
[Date "2006.05.06"]
[Round "?"]
[White "Reprintsev Alexander"]
[Black "Castaneda Georgui"]
[Result "0-1"]
[WhiteElo "2415"]
[BlackElo "2451"]
[PlyCount "46"]
[EventDate "2006.??.??"]
[Source "www.chesslib.no"]
[SourceDate "2004.05.04"]

1. g4 d6 2. Bg2 Nc6 3. h3 e5 4. e3 h5 5. Nc3 hxg4 6. hxg4 Rxh1 7. Bxh1 Qh4 8. Bf3 Nf6 9. b4 Bxg4 10. b5 Nd8 11. Nd5 Nxd5 12. Bxg4 Be7 13. c4 Nb4 14. Be2 e4 15. Qb3 Qh2 16. Qxb4 Qxg1+ 17. Bf1 Bh4 18. Bb2 Qxf2+ 19. Kd1 Qxf1+ 20. Kc2 Qd3+ 21. Kc1 Ne6 22. Bd4 Nxd4 23. exd4 Bf6 0-1

[Event "Moscow RUS"]
[Site "?"]
[Date "1998.??.??"]
[Round "9"]
[White "Vlassov Nikolai"]
[Black "Novichkov Vadim"]
[Result "1-0"]
[WhiteElo "2440"]
[BlackElo "2415"]
[PlyCount "116"]
[EventDate "1998.??.??"]
[Source "www.chesslib.no"]
[SourceDate "2004.05.04"]

1. g4 d5 2. Bg2 c6 3. h3 e5 4. d4 e4 5. c4 Be6 6. Nc3 Nf6 7. Qb3 Qd7 8. c5 Be7 9. Bf4 O-O 10. e3 Na6 11. O-O-O b6 12. cxb6 axb6 13. Qxb6 Nb4 14. Kb1 Nd3 15. Rxd3 exd3 16. Nf3 Bd8 17. Qb3 Ne4 18. Nd1 c5 19. Qxd3 c4 20. Qc2 Qa7 21. a3 Bd7 22. Ne5 Ba4 23. Qc1 Bxd1 24. Bxe4 dxe4 25. Rxd1 Rc8 26. d5 c3 27. bxc3 Bf6 28. Nc6 Qa4 29. Rd2 Qc4 30. Bd6 Bxc3 31. Bxf8 Rxf8 32. Rb2 Qd3+ 33. Qc2 Qf1+ 34. Ka2 Bxb2 35. Kxb2 Qb5+ 36. Nb4 Qe8 37. Kb3 h6 38. a4 Kh8 39. a5 Qb5 40. a6 Rb8 41. Qc4 Qb6 42. Ka4 Qf6 43. Qd4 Qd6 44. a7 Rxb4+ 45. Qxb4 Qd7+ 46. Kb3 Qxd5+ 47. Kb2 Kh7 48. Qd4 Qc6 49. h4 h5 50. gxh5 f6 51. Kb3 Qb5+ 52. Kc2 Qc6+ 53. Kd2 Qb7 54. Qa4 Qa8 55. Qa5 g6 56. Qc7+ Kh6 57. Qb8 Qd5+ 58. Ke1 Qa5+ 1-0

[Event "It (Open) INT"]
[Site "?"]
[Date "2006.05.06"]
[Round "?"]
[White "Reprintsev Alexander"]
[Black "Pugachov Alexey"]
[Result "0-1"]
[WhiteElo "2415"]
[BlackElo "2427"]
[PlyCount "96"]
[EventDate "2006.??.??"]
[Source "www.chesslib.no"]
[SourceDate "2004.05.04"]

1. g4 d5 2. Bg2 c6 3. h3 e5 4. d4 e4 5. c4 Bd6 6. Nc3 Ne7 7. Bg5 f6 8. Bd2 Be6 9. cxd5 cxd5 10. e3 Nbc6 11. Nge2 Rc8 12. a3 Qd7 13. b4 Ng6 14. Qb3 Nh4 15. Rg1 Ne7 16. Bh1 O-O 17. Rc1 Kh8 18. Nf4 Bg8 19. Nce2 Rxc1+ 20. Bxc1 Rc8 21. Kd1 Qb5 22. Nc3 Qc6 23. Nfe2 Nf3 24. Rf1 f5 25. Bd2 Qa6 26. b5 Qxa3 27. Qxa3 Bxa3 28. Bxf3 exf3 29. Ng1 fxg4 30. hxg4 Be6 31. g5 Bg4 32. Kc2 Nf5 33. Kb3 Bf8 34. Nxd5 Nxd4+ 35. exd4 Be6 36. Kb2 Bxd5 37. Nh3 Re8 38. Nf4 Bc4 39. Rh1 Kg8 40. b6 axb6 41. Be3 b5 42. Rh3 Ra8 43. Rxf3 Ra2+ 44. Kb1 Ra3 45. d5 Bd6 46. Ne6 Bxd5 47. g6 Bxf3 48. Ng5 hxg6 0-1

[Event "It (Open) INT"]
[Site "?"]
[Date "2006.05.06"]
[Round "?"]
[White "Reprintsev Alexander"]
[Black "Grebionkin Vladimir"]
[Result "0-1"]
[WhiteElo "2415"]
[BlackElo "2420"]
[PlyCount "144"]
[EventDate "2006.??.??"]
[Source "www.chesslib.no"]
[SourceDate "2004.05.04"]

1. g4 d5 2. Bg2 c6 3. h3 e5 4. d4 exd4 5. Qxd4 Nd7 6. e4 dxe4 7. Nc3 Ngf6 8. Nxe4 Nxe4 9. Qxe4+ Qe7 10. Ne2 h5 11. g5 Qxe4 12. Bxe4 Nc5 13. Bg2 Bf5 14. Nd4 Bg6 15. Be3 O-O-O 16. O-O-O Be7 17. h4 Rhe8 18. Bh3+ Kc7 19. Rhe1 Bd6 20. Nf5 Bxf5 21. Bxf5 g6 22. Bh3 Ne4 23. Bg2 Nc5 24. b3 a5 25. a4 Ne6 26. Bd2 Bf4 27. Bxf4+ Nxf4 28. Bf3 Rxd1+ 29. Rxd1 Re6 30. Rd4 Ne2+ 31. Bxe2 Rxe2 32. Rf4 Re7 33. Kd2 Kd6 34. Kd3 Kd5 35. c3 Kd6 36. Kd4 Kc7 37. Rf6 Rd7+ 38. Kc4 Re7 39. f4 Re4+ 40. Kd3 Re7 41. f5 gxf5 42. Rxf5 b6 43. Rf6 Kd7 44. Rh6 Re1 45. Rxh5 Rb1 46. Kc2 Rh1 47. Rh6 Rh3 48. b4 axb4 49. cxb4 Ra3 50. b5 c5 51. Rxb6 Rxa4 52. Rh6 Rb4 53. b6 Ke7 54. Kc3 Kf8 55. h5 Kg7 56. Rc6 Kh7 57. g6+ fxg6 58. hxg6+ Kg7 59. Rxc5 Rxb6 60. Rg5 Rc6+ 61. Kd4 Rd6+ 62. Ke5 Rd1 63. Kf4 Re1 64. Kg4 Rf1 65. Kh4 Rh1+ 66. Kg3 Rf1 67. Kg4 Rc1 68. Kf3 Rc4 69. Ke3 Rc3+ 70. Kd4 Ra3 71. Rd5 Ra4+ 72. Ke5 Ra7 0-1

[Event "2.Bundesliga clyce XIII-"]
[Site "?"]
[Date "2004.12.02"]
[Round "3"]
[White "Little Goliath Revival"]
[Black "Pfeuffer"]
[Result "1-0"]
[WhiteElo "2421"]
[BlackElo "2397"]
[PlyCount "113"]
[EventDate "2004.??.??"]
[Source "www.chesslib.no"]
[SourceDate "2004.05.04"]

1. g4 d6 2. g5 e5 3. d4 exd4 4. Qxd4 Nc6 5. Qe3+ Be7 6. Bg2 h6 7. gxh6 Nxh6 8. Qc3 Bf6 9. Bxc6+ Kf8 10. Qc4 bxc6 11. Nf3 Qe8 12. Rg1 Be6 13. Qf4 Bf5 14. Na3 Rb8 15. c3 Bd3 16. Qd2 Ba6 17. Nc2 Nf5 18. Kd1 c5 19. Rg4 Qe6 20. Ra4 d5 21. Nce1 Re8 22. e3 Rh3 23. b3 Bb7 24. Ba3 Qb6 25. Nd3 Be7 26. Nfe5 Rd8 27. Nxc5 Bxc5 28. Nc4 Qb5 29. Ra5 Qe8 30. Bxc5+ Kg8 31. Nb2 Rxh2 32. Nd3 Rh1+ 33. Ne1 a6 34. Rc1 Nd6 35. Bxd6 Rxd6 36. Qe2 Qe4 37. Ra4 Qh7 38. Kd2 Rh3 39. Nd3 Bc8 40. Rb4 a5 41. Rb5 Qe4 42. Rxa5 Bg4 43. Qf1 Rh2 44. Ra8+ Kh7 45. Ra4 Qf5 46. Qg1 Rh4 47. Qg3 g5 48. Rg1 d4 49. cxd4 Re6 50. Qxc7 Qf3 51. Ra7 Rf6 52. Qe7 Rhh6 53. Qe8 Rh2 54. Kc3 Rc6+ 55. Kb4 Be6 56. Rxg5 Rb6+ 57. Kc5 1-0

[Event "BCF Ch"]
[Site "Brighton ENG"]
[Date "1984.??.??"]
[Round "11"]
[White "Basman, Michael J"]
[Black "Strauss, David J"]
[Result "1-0"]
[WhiteElo "2390"]
[BlackElo "2425"]
[PlyCount "117"]
[EventDate "1984.08.??"]
[Source "www.chesslib.no"]
[SourceDate "2004.05.04"]

1. g4 d5 2. h3 e5 3. Bg2 c6 4. d4 Nd7 5. c4 dxc4 6. Nc3 Bd6 7. Nf3 Ne7 8. Ne4 Bc7 9. Bg5 f6 10. Bd2 exd4 11. Nxd4 Ne5 12. Bc3 Nd5 13. Qd2 Nf4 14. Rg1 Nxg2+ 15. Rxg2 Qd5 16. Qe3 O-O 17. Rd1 Rd8 18. Rd2 Bb6 19. f3 Nd3+ 20. exd3 Bxd4 21. Bxd4 Qxd4 22. Qxd4 Rxd4 23. dxc4 Rxd2 24. Rxd2 Be6 25. b3 Kf8 26. Kf2 Re8 27. f4 Bc8 28. Nd6 Rd8 29. c5 b6 30. b4 bxc5 31. bxc5 Be6 32. f5 Bd5 33. Rb2 a5 34. a3 h6 35. Ke3 Ra8 36. h4 Kg8 37. Kf4 Kf8 38. g5 hxg5+ 39. hxg5 fxg5+ 40. Kxg5 Kg8 41. Rb7 Rf8 42. Ra7 Rf6 43. Rxg7+ Kxg7 44. Ne8+ Kf7 45. Nxf6 Bb3 46. Ng4 Bd5 47. Ne5+ Ke7 48. f6+ Ke6 49. f7 Ke7 50. Kg6 Bxf7+ 51. Nxf7 Ke6 52. Nd6 Kd5 53. Nb7 Kc4 54. Kf5 a4 55. Ke4 Kb3 56. Kd3 Kxa3 57. Kc2 Ka2 58. Na5 a3 59. Nxc6 1-0

[Event "Borgarnes"]
[Site "Borgarnes"]
[Date "1985.??.??"]
[Round "8"]
[White "Angantysson, Haukur"]
[Black "Jansa, Vlastimil"]
[Result "0-1"]
[WhiteElo "2340"]
[BlackElo "2465"]
[PlyCount "59"]
[EventDate "1985.05.??"]
[Source "ChessBase"]

1. g4 d5 2. h3 e5 3. d3 Nc6 4. Bg2 Be6 5. c3 h5 6. g5 h4 7. Nf3 Nge7 8. e4 Ng6 9. exd5 Bxd5 10. Be3 Qd7 11. Nbd2 O-O-O 12. b4 Kb8 13. Qa4 Nd4 14. Qxd7 Nc2+ 15. Ke2 Rxd7 16. a3 Nxa1 17. Rxa1 f5 18. gxf6 gxf6 19. c4 Be6 20. Ne4 Be7 21. Nc5 Bxc5 22. bxc5 c6 23. a4 Rhd8 24. Ra3 e4 25. Nd2 exd3+ 26. Ke1 Ne5 27. Rc3 Rg7 28. Bf1 Re8 29. Bf4 Kc8 30. Bxe5 0-1

[Event "It (Open) INT"]
[Site "?"]
[Date "2006.05.06"]
[Round "?"]
[White "Reprintsev Alexander"]
[Black "Papin Vasily"]
[Result "0-1"]
[WhiteElo "2415"]
[BlackElo "2388"]
[PlyCount "104"]
[EventDate "2006.??.??"]
[Source "www.chesslib.no"]
[SourceDate "2004.05.04"]

1. g4 d6 2. Bg2 c6 3. h3 g6 4. d4 Bg7 5. Nc3 Nd7 6. Bg5 Qb6 7. e3 Qxb2 8. Nge2 Ngf6 9. Rb1 Qa3 10. Qd2 Qa5 11. Bh4 O-O 12. O-O e5 13. Rfd1 Qc7 14. a4 Re8 15. Bg3 exd4 16. Qxd4 Ne4 17. Qxe4 Rxe4 18. Nxe4 Ne5 19. Nxd6 Qa5 20. f4 Nd7 21. Nxc8 Rxc8 22. Rxd7 Qxa4 23. Rbxb7 Qc4 24. Rxf7 Qxf7 25. Rxf7 Kxf7 26. e4 a5 27. e5 Bf8 28. Be1 a4 29. Bc3 a3 30. Nc1 Rb8 31. Kf2 Rb2 32. Be4 Bb4 33. Bxb4 Rxb4 34. Bxc6 Rxf4+ 35. Ke3 Rf1 36. Na2 Ke6 37. Kd4 Rd1+ 38. Kc3 Rb1 39. g5 Kxe5 40. Bd7 Rb2 41. Nc1 Rb1 42. Na2 Kf4 43. Be6 Kxg5 44. Kd2 Kh4 45. c3 Rb2+ 46. Kd3 g5 47. Kd4 h5 48. Nc1 g4 49. hxg4 hxg4 50. Nd3 Rb6 51. Ne5 Rxe6 52. Nf3+ gxf3 0-1

[Event "US Open"]
[Site "Pasadena, CA USA"]
[Date "1983.??.??"]
[Round "4"]
[White "Duckworth, William Mark"]
[Black "McCambridge, Vincent"]
[Result "0-1"]
[WhiteElo "2256"]
[BlackElo "2520"]
[PlyCount "64"]
[EventDate "1983.08.07"]
[Source "www.chesslib.no"]
[SourceDate "2004.05.04"]

1. g4 g6 2. Bg2 Bg7 3. Nc3 d5 4. Nxd5 Bxg4 5. c4 c5 6. Qb3 Bc8 7. Qb5+ Nd7 8. d3 Nh6 9. Bg5 Nf5 10. Nf3 h6 11. Bf4 Nd6 12. Qb3 O-O 13. e4 Nb8 14. h4 Nc6 15. Bh3 e6 16. Ne3 Ne8 17. Ng4 h5 18. Ngh2 Qf6 19. Bc1 Nc7 20. Rb1 Qe7 21. Bg5 Qd6 22. Rd1 Rb8 23. O-O e5 24. Bxc8 Rbxc8 25. Be3 b6 26. Nd2 Ne6 27. Nhf3 f5 28. exf5 gxf5 29. Ng5 f4 30. Nde4 Qd7 31. Bd2 Ncd4 32. Qa3 Nxg5 0-1

[Event "St Petersburg-ch"]
[Site "St Petersburg"]
[Date "2002.04.19"]
[Round "4"]
[White "Eliseev, Alexey"]
[Black "Smirnov, Artem"]
[Result "1-0"]
[WhiteElo "2489"]
[BlackElo "2286"]
[PlyCount "105"]
[EventDate "2002.04.16"]
[Source "ChessBase"]
[SourceDate "2002.08.12"]

1. g4 d5 2. Bg2 e5 3. c4 d4 4. d3 Nc6 5. g5 Bb4+ 6. Bd2 Qxg5 7. Bxc6+ bxc6 8. Nf3 Bxd2+ 9. Nbxd2 Qe7 10. Qa4 Bd7 11. Qa5 f6 12. Ne4 Nh6 13. Rg1 Bf5 14. Nc5 O-O 15. Nd2 Bg4 16. b4 Bh5 17. Qa6 Rab8 18. a3 Rb6 19. Qxa7 f5 20. Ne6 Qxe6 21. Qxc7 Qf6 22. Qxb6 e4 23. Nb3 Rd8 24. Nc5 Nf7 25. b5 exd3 26. Nxd3 Qe6 27. Nf4 Qe5 28. Nxh5 d3 29. Ra2 d2+ 30. Kd1 Qc3 31. Rxg7+ Kh8 32. Qxd8+ Nxd8 33. Rxd2 Qa1+ 34. Kc2 Qa2+ 35. Kc3 Qxa3+ 36. Kd4 Ne6+ 37. Ke5 Qc3+ 38. Kxe6 Qxd2 39. Rd7 Qxe2+ 40. Kf6 Qe8 41. bxc6 Qg6+ 42. Ke5 Qxh5 43. c7 f4+ 44. Kd6 Qg6+ 45. Kc5 Qf5+ 46. Rd5 Qf8+ 47. Kc6 Kg7 48. Rd7+ Kf6 49. Rd8 Qb4 50. c8=Q Qxc4+ 51. Kb6 Qb4+ 52. Ka7 Qe7+ 53. Rd7 1-0

[Event "Sparkassen op-A"]
[Site "?"]
[Date "2000.07.13"]
[Round "6"]
[White "Feygin Michail"]
[Black "Jansen Josef"]
[Result "1-0"]
[WhiteElo "2482"]
[BlackElo "2275"]
[PlyCount "63"]
[EventDate "2000.??.??"]
[Source "www.chesslib.no"]
[SourceDate "2004.05.04"]

1. g4 e5 2. Bg2 h5 3. gxh5 d5 4. c4 dxc4 5. Na3 Bxa3 6. bxa3 Qg5 7. Kf1 Qxh5 8. Qa4+ c6 9. Qxc4 Nf6 10. Bb2 O-O 11. Nf3 Nbd7 12. Rg1 e4 13. Nd4 Nb6 14. Qb3 Nbd5 15. Qg3 g6 16. Nc2 Bg4 17. Re1 Rad8 18. Ne3 Nxe3+ 19. Qxe3 Nd5 20. Qd4 f6 21. Qxe4 Rf7 22. d3 Bf5 23. Qf3 Bg4 24. Qg3 Re8 25. e3 Qf5 26. e4 Qf4 27. exd5 Rxe1+ 28. Kxe1 Re7+ 29. Be4 Rxe4+ 30. dxe4 Qxe4+ 31. Qe3 Qb1+ 32. Bc1 1-0

[Event "WYCC 2008 U18 boys"]
[Site "Vung Tau City VIE"]
[Date "2008.10.29"]
[Round "10.18"]
[White "Toufighi, Homayoon"]
[Black "Poetz, Florian"]
[Result "1-0"]
[WhiteElo "2470"]
[BlackElo "2255"]
[PlyCount "127"]
[EventDate "2008.10.20"]
[Source "www.chesslib.no"]
[SourceDate "2004.05.04"]

1. g4 c5 2. Bg2 Nc6 3. d3 g6 4. c4 Bg7 5. Nc3 d6 6. g5 h6 7. h4 hxg5 8. hxg5 Rxh1 9. Bxh1 Bd7 10. Bd2 a6 11. Nf3 Rb8 12. a4 Nd4 13. Nxd4 Bxd4 14. Qb3 Bc6 15. Ne4 Kf8 16. e3 Bg7 17. Bc3 f5 18. gxf6 exf6 19. Ke2 f5 20. Bxg7+ Kxg7 21. Qc3+ Kf7 22. Nd2 Nf6 23. Rg1 Bxa4 24. Nf3 Ng4 25. Nh2 Qf6 26. Nxg4 Qxc3 27. Nh6+ Kg7 28. Nxf5+ Kf6 29. bxc3 gxf5 30. Rb1 b5 31. Bc6 Rb6 32. Bd7 Rb7 33. Bc8 Rb6 34. cxb5 axb5 35. Bd7 Rb7 36. Bc6 Rb6 37. Bd5 Ke5 38. Bg8 Rb8 39. Rg1 Kf6 40. Kd2 b4 41. Bd5 Bd7 42. Rh1 Kg7 43. Ra1 Kf6 44. Ra6 bxc3+ 45. Kxc3 Ke5 46. Bc4 f4 47. exf4+ Kxf4 48. Rxd6 Bf5 49. Rf6 Ke5 50. Rf7 Re8 51. Bb5 Rd8 52. Bc4 Re8 53. Rg7 Kf4 54. Rc7 Rc8 55. Rf7 Re8 56. Kb3 Re5 57. Rf8 Kf3 58. Bb5 Kg4 59. f3+ Kg3 60. f4 Rd5 61. Bc4 Rxd3+ 62. Bxd3 Bxd3 63. Kc3 c4 64. Kd4 1-0

[Event "World Open Under-2000, Philade"]
[Site "?"]
[Date "2000.??.??"]
[Round "9"]
[White "Sloan Sam"]
[Black "Shatashvili Ilia"]
[Result "1-0"]
[WhiteElo "1990"]
[BlackElo "2720"]
[PlyCount "57"]
[EventDate "2000.??.??"]
[Source "www.chesslib.no"]
[SourceDate "2004.05.04"]

1. g4 c5 2. Nc3 e6 3. e4 g6 4. d3 Bg7 5. Bg2 Ne7 6. f4 O-O 7. Nf3 d6 8. O-O Nbc6 9. Be3 a6 10. Qd2 b5 11. a3 Qc7 12. h4 f5 13. gxf5 exf5 14. e5 Rd8 15. Rae1 Rb8 16. h5 c4 17. d4 dxe5 18. fxe5 Nxe5 19. Bf4 N7c6 20. Nxe5 Nxe5 21. Bd5+ Kf8 22. Rxe5 Bxe5 23. Bxe5 Qb6 24. Qh6+ Ke8 25. Qxh7 Be6 26. Qxg6+ Kd7 27. Qg7+ Kc8 28. Bxe6+ Qxe6 29. Qc7# 1-0

[Event "ESP Team Ch"]
[Site "Linares ESP"]
[Date "1991.??.??"]
[Round "1"]
[White "Narciso Dublan, Marc"]
[Black "Cramling, Pia"]
[Result "0-1"]
[WhiteElo "2235"]
[BlackElo "2470"]
[PlyCount "63"]
[EventDate "1991.??.??"]
[Source "www.chesslib.no"]
[SourceDate "2004.05.04"]

1. g4 d5 2. h3 e5 3. Bg2 c6 4. d4 e4 5. c4 Bd6 6. Nc3 Ne7 7. Qb3 Na6 8. Bg5 f6 9. Bd2 Qb6 10. e3 Qxb3 11. axb3 h5 12. gxh5 Be6 13. Bf1 Nb4 14. Ra4 a5 15. c5 Bc7 16. Na2 Nxa2 17. Rxa2 Kd7 18. Be2 Bf7 19. Kf1 Bxh5 20. Bxh5 Rxh5 21. b4 a4 22. Ne2 g5 23. Ng3 Rh7 24. Ke2 f5 25. Nxf5 Ng6 26. f3 exf3+ 27. Kxf3 g4+ 28. Kg2 Nh4+ 29. Kf2 Ng6 30. Ng3 Bxg3+ 31. Kxg3 Rah8 32. h4 0-1

[Event "Sunstar Park Open"]
[Site "?"]
[Date "2003.08.03"]
[Round "2"]
[White "Elfert Aleksandr V"]
[Black "Nemet Ivan"]
[Result "0-1"]
[WhiteElo "2274"]
[BlackElo "2425"]
[PlyCount "54"]
[EventDate "2003.??.??"]
[Source "www.chesslib.no"]
[SourceDate "2004.05.04"]

1. g4 d5 2. Bg2 Bxg4 3. c4 Nf6 4. Qb3 c6 5. Qxb7 Nbd7 6. Nc3 e5 7. cxd5 Nc5 8. Qxc6+ Bd7 9. b4 Bxc6 10. dxc6 Ne6 11. Rb1 Rb8 12. a3 Nf4 13. Bf3 Bd6 14. d3 O-O 15. h4 Bc7 16. Bxf4 exf4 17. Kd2 Qd6 18. Nh3 h6 19. Rb2 Rfe8 20. Rhb1 Qe6 21. Rh1 Be5 22. Kc2 Qd6 23. Rb3 Rec8 24. b5 Bxc3 25. Kxc3 Qc5+ 26. Kd2 Rxb5 27. Rc3 Rb2+ 0-1

[Event "Benasque op"]
[Site "Benasque"]
[Date "1996.??.??"]
[Round "1"]
[White "Yanez, G."]
[Black "Sutovsky, Emil"]
[Result "0-1"]
[WhiteElo "2105"]
[BlackElo "2565"]
[PlyCount "40"]
[EventDate "1996.07.??"]
[Source "ChessBase"]

1. g4 d5 2. h3 e5 3. Bg2 c6 4. d3 Ne7 5. Bg5 Qb6 6. b3 Ng6 7. Nf3 Bc5 8. O-O h5 9. Nc3 hxg4 10. Na4 Qc7 11. hxg4 e4 12. dxe4 dxe4 13. Ne5 Nxe5 14. Qd8+ Qxd8 15. Bxd8 Kxd8 16. Rad1+ Kc7 17. Nxc5 Bxg4 18. f3 exf3 19. exf3 Bf5 20. Rd2 Nbd7 0-1

[Event "St.-Lô"]
[Site "?"]
[Date "2004.07.10"]
[Round "3"]
[White "Taga Georgica"]
[Black "Tihonov Jurij"]
[Result "0-1"]
[WhiteElo "2220"]
[BlackElo "2447"]
[PlyCount "66"]
[EventDate "2004.??.??"]
[Source "www.chesslib.no"]
[SourceDate "2004.05.04"]

1. g4 d5 2. h3 h5 3. g5 e5 4. d3 Ne7 5. Bg2 Nbc6 6. Nf3 Ng6 7. a3 Bf5 8. Nc3 e4 9. Ng1 Nh4 10. Bf1 Bc5 11. Bf4 exd3 12. cxd3 O-O 13. e3 d4 14. Ne4 dxe3 15. fxe3 Bxe4 16. dxe4 Qe7 17. Qc2 Rad8 18. Rh2 Ne5 19. Be2 Neg6 20. Nf3 Nxf3+ 21. Bxf3 Nxf4 22. exf4 Be3 23. Bxh5 Bxf4 24. Rg2 Rd4 25. Bf3 Rfd8 26. Rd1 Rxd1+ 27. Bxd1 Bxg5 28. Kf1 Rd6 29. Rf2 Be3 30. Rf5 g6 31. Rf3 Qg5 32. Ke1 Rd2 33. Qc4 Qh4+ 0-1

[Event "Jezero Open"]
[Site "?"]
[Date "2003.08.18"]
[Round "5"]
[White "Cobic Vladimir"]
[Black "Damjanovic Dragan"]
[Result "1-0"]
[WhiteElo "2378"]
[BlackElo "2276"]
[PlyCount "73"]
[EventDate "2003.??.??"]
[Source "www.chesslib.no"]
[SourceDate "2004.05.04"]

1. g4 d5 2. Bg2 c6 3. h3 e5 4. d4 f6 5. Nc3 e4 6. Bf4 Bd6 7. Qd2 Ne7 8. f3 f5 9. O-O-O g6 10. Be5 Bxe5 11. dxe5 Qc7 12. gxf5 gxf5 13. Qg5 Ng6 14. fxe4 fxe4 15. Bxe4 dxe4 16. Nxe4 O-O 17. Nf3 Be6 18. Rd6 Bd5 19. Nf6+ Rxf6 20. Rxf6 Qg7 21. e6 Na6 22. Rg1 Rf8 23. e7 Re8 24. Nh4 Be4 25. Nf5 Bxf5 26. Qxf5 Qh6+ 27. Kd1 Kg7 28. Rf7+ Kg8 29. Qe6 Kh8 30. Qd7 Nc7 31. Qxc7 Qe3 32. Qg3 Qd4+ 33. Kc1 Kg8 34. Rgf1 Qd5 35. Rf8+ Kg7 36. Rxe8 Qxa2 37. Ref8 1-0

[Event "It Open"]
[Site "New York, NY USA"]
[Date "1993.??.??"]
[Round "2"]
[White "Gianopoulos P"]
[Black "Lapshun, Yury"]
[Result "0-1"]
[WhiteElo "2325"]
[BlackElo "2305"]
[PlyCount "90"]
[EventDate "1993.??.??"]
[Source "www.chesslib.no"]
[SourceDate "2004.05.04"]

1. g4 e5 2. h3 h5 3. g5 Qxg5 4. h4 Qg6 5. d4 exd4 6. Nf3 Nc6 7. Rg1 Qd6 8. e3 dxe3 9. Qxd6 Bxd6 10. Bxe3 Ne5 11. Nxe5 Bxe5 12. Nc3 Ne7 13. O-O-O d6 14. Bc4 Be6 15. Bxe6 fxe6 16. Nb5 Kd7 17. f4 Bf6 18. Bf2 Nf5 19. Rh1 a6 20. Nd4 Bxd4 21. Bxd4 Raf8 22. Rhg1 Rf7 23. c4 Rhf8 24. Bf2 Nh6 25. Bg3 Ng4 26. Rge1 Rf5 27. b4 a5 28. a3 b6 29. Re4 R8f6 30. Kb2 Rg6 31. Be1 axb4 32. axb4 Nf6 33. Red4 Rg4 34. R1d3 Rfxf4 35. Rxf4 Rxf4 36. Kb3 Ne4 37. Kc2 e5 38. Re3 Ke6 39. Ra3 g5 40. hxg5 Nxg5 41. Rg3 Rxc4+ 42. Kb3 Rg4 43. Kc2 Rxg3 44. Bxg3 Nf3 45. Kd3 h4 0-1

[Event "NZL Ch"]
[Site "Otago"]
[Date "1991.??.??"]
[Round "9"]
[White "Ker, Anthony F"]
[Black "Sarfati, Jonathan D"]
[Result "1/2-1/2"]
[WhiteElo "2305"]
[BlackElo "2320"]
[PlyCount "49"]
[EventDate "1991.??.??"]
[Source "www.chesslib.no"]
[SourceDate "2004.05.04"]

1. g4 d5 2. h3 e5 3. Bg2 Ne7 4. c4 dxc4 5. Qa4+ Nbc6 6. Qxc4 Be6 7. Qb5 Bd5 8. Bxd5 Qxd5 9. Qxd5 Nxd5 10. Nc3 Ndb4 11. Rb1 a5 12. Nf3 f6 13. d3 Nc2+ 14. Kd1 N2d4 15. Nxd4 Nxd4 16. Be3 c6 17. Bxd4 exd4 18. Ne4 O-O-O 19. a3 Kc7 20. Kd2 Be7 21. f4 Rd5 22. f5 a4 23. Rbf1 Rf8 24. h4 c5 25. Rh3 1/2-1/2